La litanie contre la peur (Dune) - Statistiques

Statistiques générales
  • Ce quiz a été pris 70 fois
    29 depuis la dernière actualisation
  • Le résultat moyen est 45 sur 78
Statistiques - réponses
Réponse % Correct
,
100%
.
100%
.
100%
.
100%
,
100%
.
100%
,
100%
.
100%
,
100%
.
100%
.
100%
à
100%
peur
86%
peur
86%
peur
86%
peur
86%
J'
82%
l'
82%
l'
82%
la
82%
la
82%
La
82%
la
82%
82%
n'
82%
pas
77%
Je
73%
Je
73%
je
73%
petite
73%
est
68%
esprit
64%
mort
64%
ne
64%
car
59%
tue
59%
qui
55%
de
50%
de
50%
au
45%
connaitrai
45%
Et
41%
Et
41%
moi
41%
moi
41%
moi
41%
mon
41%
elle
36%
elle
36%
il
36%
intérieur
36%
oblitération
36%
oeil
36%
36%
que
36%
totale
36%
affronterai
32%
ma
32%
passée
32%
passée
32%
passer
32%
plus
32%
rien
32%
Rien
32%
sera
32%
sera
32%
travers
32%
chemin
27%
conduit
27%
lui
27%
son
27%
sur
27%
sur
27%
tournerai
27%
y
27%
aura
23%
lorsqu'
23%
permettrai
23%
Aucun quiz correspondant
Distribution des résultats
% des personnes avec chaque résultat
Percentile par nombre de réponses
Votre historique - résultats
Vous n’avez pas pris ce quiz depuis la dernière actualisation